| 000 | 00355nam a2200145Ia 4500 | ||
|---|---|---|---|
| 008 | 150201s1994 xx 000 0 und d | ||
| 082 |
_a611 _bG1994J |
||
| 100 | _aJAIN KIRITI.K. | ||
| 245 | _aGENERAL ANATOMY FOR STUDENTS | ||
| 250 | _a1ST | ||
| 260 |
_bJAYPEE MEDICAL PUBLISHER _aDELHI _c1994 |
||
| 300 | _aJan-81 | ||
| 650 | _aANATOMY | ||
| 942 |
_2ddc _cBK |
||
| 999 |
_c2499 _d2499 |
||